<?xml version="1.0" encoding="UTF-8"?>
<record
    xmlns:xsi="http://www.w3.org/2001/XMLSchema-instance"
    xsi:schemaLocation="http://www.loc.gov/MARC21/slim http://www.loc.gov/standards/marcxml/schema/MARC21slim.xsd"
    xmlns="http://www.loc.gov/MARC21/slim">

  <leader>01316nam a2200385uu 4500</leader>
  <controlfield tag="001">1192476</controlfield>
  <controlfield tag="005">20260507135246.0</controlfield>
  <controlfield tag="007">co|||||||</controlfield>
  <controlfield tag="008">100308s2009                        eng  </controlfield>
  <datafield tag="035" ind1=" " ind2=" ">
    <subfield code="a">1192476</subfield>
  </datafield>
  <datafield tag="040" ind1=" " ind2=" ">
    <subfield code="c">comduadb</subfield>
  </datafield>
  <datafield tag="041" ind1=" " ind2=" ">
    <subfield code="a">eng</subfield>
  </datafield>
  <datafield tag="082" ind1=" " ind2="4">
    <subfield code="a">428</subfield>
  </datafield>
  <datafield tag="100" ind1="1" ind2="0">
    <subfield code="a">Carmona Jaramillo, Andres Felipe</subfield>
    <subfield code="4">aut</subfield>
    <subfield code="e">aut</subfield>
    <subfield code="9">599320</subfield>
  </datafield>
  <datafield tag="245" ind1="1" ind2="0">
    <subfield code="a">Carrying out formative assessment in a high school EFL class</subfield>
  </datafield>
  <datafield tag="260" ind1=" " ind2=" ">
    <subfield code="a">Medell&#xED;n :</subfield>
    <subfield code="b">[sin publicador],</subfield>
    <subfield code="c">2009.</subfield>
  </datafield>
  <datafield tag="300" ind1=" " ind2=" ">
    <subfield code="a">1 CD-ROM</subfield>
  </datafield>
  <datafield tag="650" ind1=" " ind2=" ">
    <subfield code="a">Foreign language learning</subfield>
    <subfield code="9">82487</subfield>
  </datafield>
  <datafield tag="650" ind1=" " ind2=" ">
    <subfield code="a">Aprendizaje de lenguas extranjeras</subfield>
    <subfield code="9">83685</subfield>
  </datafield>
  <datafield tag="650" ind1=" " ind2=" ">
    <subfield code="a">Foreign language research</subfield>
    <subfield code="9">179531</subfield>
  </datafield>
  <datafield tag="650" ind1=" " ind2=" ">
    <subfield code="a">Investigacion en lenguas extranjeras</subfield>
    <subfield code="9">138452</subfield>
  </datafield>
  <datafield tag="650" ind1=" " ind2="7">
    <subfield code="a">Ingl&#xE9;s</subfield>
    <subfield code="x">Ense&#xF1;anza</subfield>
    <subfield code="2">lemb</subfield>
    <subfield code="9">49481</subfield>
  </datafield>
  <datafield tag="650" ind1=" " ind2=" ">
    <subfield code="a">Teaching - methodology</subfield>
    <subfield code="9">180629</subfield>
  </datafield>
  <datafield tag="650" ind1=" " ind2=" ">
    <subfield code="a">Ense&#xF1;anza - Metodolog&#xED;a</subfield>
    <subfield code="9">4387</subfield>
  </datafield>
  <datafield tag="650" ind1=" " ind2=" ">
    <subfield code="a">Oral communication</subfield>
    <subfield code="9">77224</subfield>
  </datafield>
  <datafield tag="650" ind1=" " ind2="7">
    <subfield code="a">Comunicaci&#xF3;n oral</subfield>
    <subfield code="2">lemb</subfield>
    <subfield code="9">181868</subfield>
  </datafield>
  <datafield tag="650" ind1=" " ind2=" ">
    <subfield code="a">English</subfield>
    <subfield code="9">151251</subfield>
  </datafield>
  <datafield tag="650" ind1=" " ind2=" ">
    <subfield code="a">Ingl&#xE9;s</subfield>
    <subfield code="9">77095</subfield>
  </datafield>
  <datafield tag="650" ind1=" " ind2=" ">
    <subfield code="a">English language teaching (Secondary)</subfield>
    <subfield code="9">79252</subfield>
  </datafield>
  <datafield tag="650" ind1=" " ind2=" ">
    <subfield code="a">Ingl&#xE9;s - Ense&#xF1;anza (Educaci&#xF3;n secundaria)</subfield>
    <subfield code="9">80040</subfield>
  </datafield>
  <datafield tag="650" ind1=" " ind2="7">
    <subfield code="a">Ingl&#xE9;s</subfield>
    <subfield code="x">Ense&#xF1;anza</subfield>
    <subfield code="2">lemb</subfield>
    <subfield code="9">49481</subfield>
  </datafield>
  <datafield tag="700" ind1="1" ind2="0">
    <subfield code="a">McNulty Ferri, Mar&#xED;a</subfield>
    <subfield code="4">ths</subfield>
    <subfield code="e">ths</subfield>
    <subfield code="9">346261</subfield>
  </datafield>
  <datafield tag="700" ind1="1" ind2="0">
    <subfield code="a">Pic&#xF3;n J&#xE1;come, Edgar</subfield>
    <subfield code="4">ths</subfield>
    <subfield code="e">ths</subfield>
  </datafield>
  <datafield tag="942" ind1=" " ind2=" ">
    <subfield code="c">BOOK</subfield>
  </datafield>
  <datafield tag="999" ind1=" " ind2=" ">
    <subfield code="c">543927</subfield>
    <subfield code="d">543927</subfield>
  </datafield>
  <datafield tag="952" ind1=" " ind2=" ">
    <subfield code="0">0</subfield>
    <subfield code="1">0</subfield>
    <subfield code="4">0</subfield>
    <subfield code="7">0</subfield>
    <subfield code="8">AUDIOVISUA</subfield>
    <subfield code="a">SIMI</subfield>
    <subfield code="b">SIMI</subfield>
    <subfield code="d">2010-03-08</subfield>
    <subfield code="i">C1081712</subfield>
    <subfield code="l">0</subfield>
    <subfield code="o">CRI 428/086</subfield>
    <subfield code="p">6207369</subfield>
    <subfield code="r">2023-04-29 00:00:00</subfield>
    <subfield code="t">1</subfield>
    <subfield code="w">2023-04-29</subfield>
    <subfield code="y">DIGITAL</subfield>
  </datafield>
</record>
